| 000 | 00800nam a2200217 4500 | ||
|---|---|---|---|
| 005 | 2009092202482.0 | ||
| 008 | 700624s1969 ii b 000 0 eng | ||
| 010 | _aB-358132 | ||
| 020 |
_a8178123363 _c30.00 |
||
| 035 | _aB-358132 | ||
| 037 | _bDBAD / PUB | ||
| 040 |
_adpl _bEnglish |
||
| 082 | _a921 | ||
| 245 | _aReader's delight biography of Jawaharlal Nehru | ||
| 260 |
_aNew Delhi _bReader's Delight _c(200?) |
||
| 270 |
_a12-H, New Daryaganj Road, Opp. Traffic Kotwali, _bNew Delhi _e110002 |
||
| 300 |
_a56p. _c22cm(pbk) |
||
| 650 |
_aNehru, Jawaharlal _d1889-1964 _xBiography |
||
| 942 |
_2ddc _cCH _h921 _mNEH |
||
| 999 |
_c30537 _d30537 |
||